Szczegóły MARC21

Labour in the South African gold mines 1911-1969 /

003 -Nazwa inst., której nr kontr. jest w polu 001 [,]
    • @
    • Nazwa instytucji, której n kontrolny jest w polu 001
    • NUKAT
005 -DATA I CZAS OSTATNIEJ MODYFIKACJI [,]
    • @
    • pole kontrolne
    • 20241231111756.0
020 -Międzynarod. znormalizowany nr książki - ISBN [ , ]
    • a
    • Numer ISBN
    • 9780521083034 Find
    • q
    • Dopowiedzenie
    • hardback
020 -Międzynarod. znormalizowany nr książki - ISBN [ , ]
    • a
    • Numer ISBN
    • 9780521175098 Find
    • q
    • Dopowiedzenie
    • paperback
040 -Instytucja sporządzająca opis [ , ]
    • a
    • Instytucja, która sporządziła opis (NP)
    • SZCZ U/JS
    • c
    • Instytucja, która sporządziła rekord (NP)
    • SZCZ U/JS
    • d
    • Instytucja, która zmodyfikowała rekord (P)
    • SZCZ U/MSZ
942 -Rodzaj dokumentu [ , ]
    • c
    • Rodzaj dokumentu
    • Książka
100 -Hasło główne - nazwa osobowa [1, ]
    • a
    • Nazwa osobowa (NP)
    • Wilson, Francis
    • d
    • Daty biograficzne (NP)
    • (1939- ).
    • 9
    • KHW
    • 85978
245 -Strefa tytułu i oznaczenia odpowiedzialności [1,0]
    • a
    • Tytuł
    • Labour in the South African gold mines 1911-1969 / Find
    • c
    • Pozostałe elementy strefy tytułu i oznaczenia odpowiedzialności (NP)
    • by Francis Wilson.
250 -Strefa wydania [ , ]
    • a
    • Oznaczenie wydania (NP)
    • Paperback ed.
260 -Strefa adresu wydawniczego [ , ]
    • a
    • Miejsce wydania (P)
    • Cambridge :
    • b
    • Nazwa wydawcy (P)
    • Cambridge University Press,
    • c
    • Data wydania (P)
    • 2011.
300 -Strefa opisu fizycznego [ , ]
    • a
    • Określenie formy książki i/lub objętość (NP)
    • XVIII, 218 s. :
    • b
    • Oznaczenie ilustracji (NP)
    • il. ;
    • c
    • Format (NP)
    • 23 cm.
336 -Typ zawartości [ , ]
    • a
    • Termin opisujący typ zawartości
    • Tekst
    • b
    • Kod określający zawartość
    • txt
    • 2
    • Źródło (terminu i kodu)
    • rdacontent
337 -Typ mediów [ , ]
    • a
    • Tryb odtwarzania
    • Bez urządzenia pośredniczącego
    • b
    • Kod typu mediów
    • n
    • 2
    • Źródło (terminu i kodu)
    • rdamedia
338 -Typ/rodzaj nośnika [ , ]
    • a
    • Hasło opisujące typ nośnika
    • Wolumin
    • b
    • Kod typu nośnika
    • nc
    • 2
    • Źródło (terminu i kodu)
    • rdacarrier
490 -Strefa serii i książki wielotomowej - forma nie do wyszukiwania [1, ]
    • a
    • Tytuł (P)
    • African Studies Series ; Find
    • v
    • Numeracja (P)
    • 6
830 -Hasło dodatkowe serii i opisu książki wielotomowej - tytuł ujednolicony/tytuł [ ,0]
    • a
    • Tytuł ujednolicony/tytuł (NP)
    • African Studies Series
    • x
    • ISSN
    • 0065-406X
    • v
    • Oznaczenie tomu (NP)
    • 6
    • 9
    • KHW
    • 85979
504 -Uwaga dot. bibliogr. załącznikowej [ , ]
    • a
    • Uwaga dot. bibliografii załącznikowej
    • Bibliogr. s. 195-212. Indeks.
080 -Uniwersalna Klasyfikacja Dziesiętna [ , ]
    • 2
    • Identyfikator wydania tablic
    • UDC-P058
    • 9
    • UKD
    • 3048
    • a
    • Symbol klasyfikacji
    • 331.43/.44
    • b
    • Dopowiedzenie
    • Praca w uciążliwych warunkach. Wpływ na pracę i pracowników czynników fizycznych i psychicznych. Drgania. Hałas. Promieniowanie. Stres w pracy
    • 4
    • UKD2
    • 7644
    • x
    • Poddział wspólny
    • =111
    • c
    • Dopowiedzenie poddz. wspólnego
    • =Język angielski.
    • 4
    • UKD2
    • 52294
    • x
    • Poddział wspólny
    • (6-13)
    • c
    • Dopowiedzenie poddz. wspólnego
    • (Afryka Południowa (geograficznie)).
080 -Uniwersalna Klasyfikacja Dziesiętna [ , ]
    • 2
    • Identyfikator wydania tablic
    • UDC-P058
    • 9
    • UKD
    • 5022
    • a
    • Symbol klasyfikacji
    • 622.34
    • b
    • Dopowiedzenie
    • Rudy metali. Kopalnie rud. Rudy żelaza. Rudy złota. Rudy srebra. Rudy miedzi. Rudy manganowe. Rudy chromu.
    • 4
    • UKD2
    • 7644
    • x
    • Poddział wspólny
    • =111
    • c
    • Dopowiedzenie poddz. wspólnego
    • =Język angielski.
    • 4
    • UKD2
    • 52294
    • x
    • Poddział wspólny
    • (6-13)
    • c
    • Dopowiedzenie poddz. wspólnego
    • (Afryka Południowa (geograficznie)).
980 -Symbol UKD [ , ]
    • a
    • UKD
    • 331.43/.44:622.34](6-13)=111
710 -Hasło dodatkowe - nazwa ciała zbiorowego [2, ]
    • a
    • Nazwa ciała zbiorowego lub nazwa geograficzna jako pierwszy element (NP)
    • Cambridge University Press.
    • 4
    • Kod relacji
    • pbl
    • 9
    • KHW
    • 615085
920 -ISBN [ , ]
    • a
    • ISBN
    • 978-0-521-08303-4 Find
    • q
    • Dopowiedzenie
    • hardback
920 -ISBN [ , ]
    • a
    • ISBN
    • 978-0-521-17509-8 Find
    • q
    • Dopowiedzenie
    • paperback
Lokalizacja Data inwentaryzacji Sygnatura Numer inwentarzowy Status udost.
T2014-07-23T.18375T.18375-2